Interactive workbook for using AutomationShield devices in control education

Guardado en:
Detalles Bibliográficos
Autor principal: Garai, Denis (Autor)
Otros Autores: Mikulášová, Anna (Orientador)
Formato: Manuscrito Libro
Lenguaje:eslovaco
inglés
Publicado: 2025
Materias:
Acceso en línea:http://is.stuba.sk/zp/portal_zp.pl?podrobnosti=176424
Etiquetas: Agregar Etiqueta
Sin Etiquetas, Sea el primero en etiquetar este registro!

MARC

LEADER 00000ntm a22000003a 4500
001 stuzp105528
003 SK-STU
005 20250628212838.8
007 ta
008 150427s2015----xo-----f-mn---000-0-slo-d
040 |a STU  |b slo 
041 0 |a eng 
100 1 |a Garai, Denis  |u 020020  |k Z4  |4 aut  |U SjF Strojnícka fakulta  |T SjF Ústav automatizácie, informatizácie a merania  |X 121660  |U J0020  |Y 802  |7 121660 
242 0 1 |a Interaktívny pracovný zošit na používanie zariadení AutomationShield  |y slo 
245 1 0 |a Interactive workbook for using AutomationShield devices in control education 
260 |c 2025 
650 4 |a výučba riadenia  |2 slo 
650 4 |a JupyterLab  |2 slo 
650 4 |a Python  |2 slo 
650 4 |a identifikácie  |2 slo 
650 4 |a modelovanie  |2 slo 
650 4 |a control education  |2 eng 
650 4 |a JupyterLab  |2 eng 
650 4 |a Python  |2 eng 
650 4 |a identification  |2 eng 
650 4 |a modeling  |2 eng 
700 1 |a Mikulášová, Anna  |u 020020  |k Z3  |4 ths  |U SjF Strojnícka fakulta  |T SjF Ústav automatizácie, informatizácie a merania  |X 87787  |U J0020  |Y 802  |7 87787 
856 4 |u http://is.stuba.sk/zp/portal_zp.pl?podrobnosti=176424